000 00437nam a22001577a 4500
003 OSt
005 20221027185802.0
008 221027b |||||||| |||| 00| 0 eng d
040 _cBiblioteca Lado V
082 _2700.74
_aR719b
100 _9224
_aRoepstorff, Kirstine
_ecurador
245 _aBiennalen/
260 _aRusia
_bKorners Kontor
_c1999
300 _a200p.
_c15x21cm
942 _2ddc
_c1
_h700.74
_iR719b
_n0
999 _c2381
_d2381